000
00291nam a2200121Ia 4500
008
191201s1988 xx 000 0 und d
100
_a
ANDREWS, Sudhir
245
0
_a
How to Succeed at Interviews
260
_a
N.Delhi
_b
TMH
_c
1988
300
_a
91
650
_a
General Books
942
_2
ddc
_c
BK
999
_c
3352
_d
3352